Caribbean Quiz - Statistics

General Stats
  • This quiz has been taken 26 times
  • The average score is 12 of 13
Answer Stats
Answer % Correct
Dominican Republic
100%
Trinidad
100%
Bahamas
95%
Cuba
95%
Haiti
95%
Jamaica
95%
Saint Kitts
95%
Saint Lucia
95%
Saint Vincent
95%
Dominica
90%
Barbados
86%
Antigua
81%
Grenada
81%
No matching quizzes found
Score Distribution
Percent of People with Each Score
Percentile by Number Answered
Your Score History
You have not taken this quiz